000 00561nam a2200205Ia 4500
003 OSt
005 20260213101749.0
008 210210b1896 xxu||||| |||| 00| 0 eng d
040 _cAL
041 _aKannada
082 _a851/453
100 _aSHRANGARA KAVI
_dಶೃ೦ಗಾರ ಕವಿ
_9254643
245 _aKarnataka sanjivanam
_bಕರ್ನಾಟಕ ಸಂಜೀವನಂ
260 _aMaisuru
_b-
_c1896
650 _asanjivanam
_9254644
650 _aKarnataka
_9254645
690 _aKannada Poetry
_9254646
906 _a018470
942 _2ddc
_cBK
999 _c141954
_d141954